|
|
|
|
| LEADER |
01228cam a2200337Ia 4500 |
| 001 |
9780203065815 |
| 003 |
FlBoTFG |
| 005 |
20110119191318.0 |
| 006 |
a|||||s||||||||||| |
| 007 |
cr|||| |
| 008 |
110119s1999 enkb sbd 001 0ceng d |
| 010 |
|
|
|a 00268297
|
| 020 |
|
|
|a 9780203065815 (e-book : PDF)
|
| 040 |
|
|
|a FlBoTFG
|c FlBoTFG
|d GrThAP
|
| 043 |
|
|
|a aw-----
|
| 090 |
|
|
|a DS62.2
|b .L45 1999
|
| 092 |
|
|
|a 939.4
|b L526
|
| 100 |
1 |
|
|a Leick, Gwendolyn,
|d 1951-
|
| 245 |
1 |
0 |
|a Who's who in the Ancient Near East
|h [electronic resource] /
|c Gwendolyn Leick.
|
| 260 |
|
|
|a London ;
|a New York :
|b Routledge,
|c 1999.
|
| 300 |
|
|
|a xv, 229 p. :
|b maps ;
|c 24 cm.
|
| 490 |
1 |
|
|a Who's who series
|
| 504 |
|
|
|a Includes bibliographical references (p. 203-218) and indexes.
|
| 530 |
|
|
|a Also available in print edition.
|
| 533 |
|
|
|a Electronic reproduction.
|b [London, Eng. :
|b Taylor and Francis,
|d 2010].
|n PDF file created from digital scan of print book.
|
| 651 |
|
0 |
|a Middle East
|x History
|y To 622
|v Biography
|v Dictionaries.
|
| 655 |
|
7 |
|a Electronic books.
|2 lcsh
|
| 776 |
1 |
|
|z 9780415132305
|
| 776 |
1 |
|
|z 0415132304
|
| 830 |
|
0 |
|a Who's who series.
|
| 856 |
4 |
0 |
|u http://www.tandfebooks.com/isbn/9780203065815
|z Full Text via HEAL-Link
|